[Event "3rd GRENKE Chess Open 2018"]
[Site "Karlsruhe"]
[Date "2018.04.01"]
[Round "6"]
[White "Sinz, Bernhard"]
[Black "Kuipers, Stefan"]
[Result "1-0"]
[WhiteElo "2383"]
[BlackElo "2476"]
[Annotator "TA"]
[PlyCount "79"]
[EventDate "2018.??.??"]
[EventType "swiss"]
[EventCountry "GER"]
[SourceTitle "playchess.com"]
[Source "ChessBase"]
[SourceQuality "1"]

{[%evp 25,79,0,0,0,0,0,0,0,0,0,27,0,119,116,157,156,156,166,137,162,132,124,158,133,96,107,201,190,338,312,368,368,368,368,368,368,368,368,368,368,366,363,363,360,342,335,327,321,308,277,365,363,399,370,1442,1339]} 1. e4 e6 2. d4 d5 3. Nc3 Nf6 4. e5 Nfd7 5. f4 c5 6. Nf3 Nc6 7. Be3 a6 8. Qd2 b5 9. dxc5 Bxc5 10. Bd3 {C11: French: Classical System: 4 e5 and 4 Bg5 dxe4} (10. Ne2 O-O 11. Ned4 Qb6 12. c3 b4 13. Bd3 a5 14. O-O Ba6 15. Kh1 Bxd3 16. Qxd3 Qa6 17. Qc2 bxc3 18. bxc3 {½-½ (31) Dominguez Perez,L (2739)-So,W (2788) Saint Louis 2017}) 10... Qb6 11. Bf2 h6 12. a3 O-O 13. O-O Ra7 {LiveBook: 5 Games} 14. b4 Bxf2+ 15. Rxf2 f6 16. exf6 Nxf6 {Hoping for ...Ng4.} 17. Kh1 Qc7 $146 ({Predecessor:} 17... Ng4) 18. Rff1 e5 {[#]} (18... Qb6 $11 {remains equal.}) 19. Bxb5 $1 $16 {[%mdl 512]} axb5 20. Nxb5 Qb7 21. Nxa7 Nxa7 {[%cal Bc6a7,Ba7b5,Bb5c3][%mdl 32]} 22. fxe5 ({Don't do} 22. Nxe5 Ne4 $14) 22... Ne4 23. Qe3 Nb5 24. a4 Nbc3 25. b5 Bd7 (25... Qc7 $16 {might work better.}) 26. Nd2 $18 {Threatens to win with Rxf8+.} Rxf1+ (26... Rc8 $142 27. Nxe4 Nxe4) 27. Rxf1 Nxd2 28. Qxd2 Nxa4 {[#]} 29. Qb4 $1 {[%cal Rb4f8] White wants to mate with Qf8+.} Qxb5 {[%cal Rb5f1]} 30. Rf8+ Kh7 31. Qxb5 Bxb5 32. e6 Nc5 33. e7 Kg6 34. e8=Q+ Bxe8 35. Rxe8 {KR-KN} Kf5 36. Kg1 Ne6 37. Kf2 h5 38. Ke3 h4 39. Ra8 g5 $2 (39... Ke5 40. Ra5 Kd6) 40. Ra5 {Precision: White = 95%, Black = 31%.} 1-0

[Event "3rd GRENKE Chess Open 2018"]
[Site "Karlsruhe"]
[Date "2018.04.01"]
[Round "6"]
[White "Philippe, Christophe"]
[Black "Hirneise, Tobias"]
[Result "0-1"]
[WhiteElo "2381"]
[BlackElo "2463"]
[Annotator "TA"]
[PlyCount "217"]
[EventDate "2018.??.??"]
[EventType "swiss"]
[EventCountry "GER"]
[SourceTitle "playchess.com"]
[Source "ChessBase"]
[SourceQuality "1"]

{[%evp 29,217,0,0,-12,-15,-18,-28,-40,-34,-33,-41,-34,-39,-41,-41,-37,-31,-44,-28,-25,-6,-2,-10,-9,-6,-14,-19,-13,-14,-13,-8,-79,-70,-188,-105,-163,-162,-146,-142,-187,-179,-179,-182,-183,-177,-177,-173,-212,-199,-177,-68,-78,-40,-56,-57,-64,0,0,0,-17,-24,-53,-40,-62,0,0,0,-59,-55,-77,-80,-75,-83,-82,-80,-74,0,0,-4,-200,0,0,29,13,11,14,8,0,0,0,0,0,0,0,0,0,0,0,0,0,0,0,0,0,0,0,0,0,0,0,0,0,0,-8,0,0,0,-8,0,0,0,0,0,0,0,0,0,0,0,0,0,0,0,0,0,0,0,0,0,0,0,0,0,-24,-24,-24,-24,-24,-24,-24,-24,-24,-24,-24,-24,-24,-24,-24,-24,-24,-24,-24,-24,-24,-24,-24,-24,-24,-24,-24,-24,-24,-24,-24,-24,-26,-24,-24,-24,-24,-24,-24,-24,-24,-24,-24,-24,-24,-22,-22]} 1. e4 e5 2. Nf3 Nc6 3. Nc3 Nf6 4. d4 exd4 5. Nxd4 Bb4 6. Nxc6 bxc6 7. Bd3 O-O 8. O-O d5 9. exd5 cxd5 10. Bg5 c6 11. Qf3 Bd6 12. h3 Rb8 13. Rab1 h6 {C47: Scotch Four Knights and Four Knights with 4 g3} 14. Bf4 Re8 (14... Be6 15. Ne2 c5 16. c3 Re8 17. Rfd1 Rb6 18. Bc2 Bxf4 19. Nxf4 Qb8 20. b3 a5 21. Re1 {1-0 (33) Dubov,D (2694)-Matlakov,M (2709) Moscow 2018}) 15. b3 Be6 {LiveBook: 3 Games} 16. Na4 c5 17. Bxd6 $146 ({Predecessor:} 17. Rfd1 Bxf4 18. Qxf4 Qa5 19. Bf5 Rb4 20. Qf3 Bxf5 21. Qxf5 {½-½ (39) Mittelberger,P (2246)-Handler,L (2403) Feldkirch 2013}) 17... Qxd6 18. Rbd1 Bd7 19. Nc3 Bc6 20. Qg3 Qxg3 21. fxg3 Re3 22. Rf3 Re6 {White must now prevent ...d4.} 23. Rf2 Rbe8 24. Bb5 d4 25. Bxc6 Rxc6 26. Na4 Re3 27. Rd3 Re1+ 28. Rf1 Re2 {Strongly threatening ...c4.} 29. Rf2 $1 {[%cal Rf2e2]} Re4 30. Nb2 (30. c3 $11) 30... Re1+ $17 31. Kh2 (31. Rf1 $15 Rxf1+ 32. Kxf1) 31... Rb1 (31... Ne4 $19 32. Rf4 g5) 32. Nc4 (32. Na4 $17) 32... Re6 $36 {[%mdl 2048] Black has strong initiative.} 33. g4 Ree1 34. Nd6 h5 35. Kg3 hxg4 36. hxg4 Re6 $1 {[%cal Re6d6]} 37. g5 Nh5+ ({Don't do} 37... Rxd6 38. gxf6 Rb2 39. c3 $15) 38. Kg4 g6 $1 ({Not} 38... Rxd6 39. Kxh5 Ra1 40. Rdf3 $11) 39. Nc4 Re4+ (39... f5+ $19 40. Kf3 Re4) 40. Kf3 $15 Rf4+ (40... Rbe1 {seems wilder.} 41. g3 Ng7 42. Kg2 Re7 43. Nd2 Rc1) 41. Ke2 Rc1 42. Rd2 Rxf2+ (42... Rg4 $1 $15 43. Nd6 Ng3+ 44. Kf3 Rxg5) 43. Kxf2 {[%mdl 4096] Endgame KRN-KRN} Nf4 44. Nd6 Ne6 45. Ne4 Kf8 46. Re2 Nf4 47. Rd2 Ne6 48. Re2 Ra1 49. a4 {[#]} c4 $1 {[%mdl 512]} 50. bxc4 Rxa4 51. c5 Rc4 52. Ke1 Kg7 (52... Nxc5 $17 53. Nd6 Rc3 54. Re8+ Kg7) 53. Kd2 $11 Nxc5 54. Nd6 $2 {[#]} (54. Nxc5 $11 {and White is okay.} Rxc5 55. Kd3) 54... Rb4 $2 ({Black should play} 54... Rxc2+ $1 $19 {[%mdl 512]} 55. Kxc2 d3+ 56. Kd1 dxe2+ 57. Kxe2 Kf8) 55. Re7 a5 56. Rxf7+ Kg8 {aiming for ...Ne4+!} 57. Ra7 Rb2 58. Kc1 Ra2 59. Kb1 Ra4 60. Kb2 Rb4+ 61. Ka3 Ra4+ 62. Kb2 Rb4+ 63. Ka3 Ra4+ 64. Kb2 d3 65. cxd3 Nxd3+ 66. Kc3 Nf4 67. Kb3 Rb4+ 68. Ka3 Rd4 69. Ne8 Nxg2 70. Nf6+ Kf8 71. Rxa5 Kf7 72. Ra6 Nf4 73. Nh7 Nh3 74. Ra7+ Ke6 75. Nf8+ Kf5 76. Ra5+ Kg4 77. Nxg6 Nxg5 78. Ne5+ Kf4 79. Nc6 Rd3+ 80. Kb2 Ne4 81. Ra4 Rd6 82. Nb4 Kf3 83. Nc2 Rb6+ 84. Rb4 Ra6 85. Kc1 Nf2 86. Kb2 (86. Rb8 {with more complications.} Rc6 87. Kb1 Rd6 88. Nb4 Ke3 89. Kc2) 86... Nd3+ 87. Kc3 Nxb4 88. Nxb4 {KR-KN} Ra8 89. Kd4 Rb8 90. Nd5 Rd8 91. Ke5 Ke2 92. Nf6 Ra8 93. Ne4 Re8+ 94. Kd5 Rd8+ 95. Kc4 Ke3 96. Nc5 Rc8 97. Kd5 Ra8 98. Ne6 Ra5+ 99. Kc4 Re5 100. Nc5 Re7 101. Nb3 Ke4 102. Kc5 Rc7+ 103. Kd6 Rh7 104. Nc5+ Ke3 105. Ne6 Kd2 106. Ke5 Kc1 107. Ke4 Kb2 108. Kd5 Ka1 109. Ke5 {[%mdl 32768] Precision: White = 61%, Black = 71%. . Sensor Board Error (Ke4/e5)?} 0-1

[Event "3rd GRENKE Chess Open 2018"]
[Site "Karlsruhe"]
[Date "2018.04.01"]
[Round "6"]
[White "Fries-Nielsen, Jens Ove"]
[Black "Krause, Benedict"]
[Result "1/2-1/2"]
[WhiteElo "2358"]
[BlackElo "2458"]
[Annotator "TA"]
[PlyCount "45"]
[EventDate "2018.??.??"]
[EventType "swiss"]
[EventCountry "GER"]
[SourceTitle "playchess.com"]
[Source "ChessBase"]
[SourceQuality "1"]

{[%evp 9,45,-102,-54,-68,-24,-46,-16,-10,-21,-14,-19,-45,-24,-35,-32,-37,-43,-58,-54,-70,-43,-103,-97,-93,-62,-49,-22,-107,0,-99,-16,-25,16,0,25,-21,-3,-55]} 1. e4 c5 2. Nf3 e6 3. Nc3 Nc6 4. g4 (4. Bb5 Nd4 5. O-O a6 6. Bd3 Nc6 7. b3 Nge7 8. Bb2 Ng6 9. Re1 Be7 10. Nd5 exd5 11. exd5 O-O 12. dxc6 dxc6 13. Bxg6 hxg6 14. a4 {½-½ (81) Grischuk,A (2772)-Harikrishna,P (2744) Huaian 2017}) 4... d5 5. g5 $146 ({Predecessor:} 5. exd5 exd5 6. Qe2+ Be6 7. Ng5 Qxg5 8. Nb5 Kd7 9. d4 Qxg4 10. Qe3 a6 11. Nc3 cxd4 12. Qd3 dxc3 13. Qxc3 Bb4 14. Bh3 Qe4+ 15. Be3 Bxc3+ 16. bxc3 Qxh1+ 17. Ke2 Qxa1 18. f4 Bxh3 {1-0 (18) Booth,G (1200)-Vacchiano,C (1200) IECG email 2003}) 5... Nge7 6. h4 {[%cal Bh2h4,Bh4h5,Bh5h6][%mdl 32] B40: Sicilian: 2...e6, Unusual lines} g6 7. h5 Bg7 8. h6 Bd4 9. d3 O-O 10. Bd2 Bh8 11. Nh2 d4 12. Ne2 e5 13. Ng3 Be6 14. Ng4 Nc8 15. Rg1 (15. Bh3 $15) 15... Nd6 $17 16. Bh3 Qd7 17. Qf3 b5 18. Kf1 (18. Ne2 $1 $11) 18... Qe7 {[#]} ({Black should try} 18... Ne8 $17 19. a4 b4) 19. Re1 {[#]} (19. Nf5 $1 $11 {[%mdl 512]} Bxf5 (19... Nxf5 20. exf5) 20. exf5) 19... Bxg4 ({Not} 19... Bxa2 {[#]} 20. Nf5 $1 $14 {[%mdl 512]}) (19... f6 $1 $17 20. gxf6 Bxf6) 20. Qxg4 $11 Rae8 21. Kg2 Nd8 22. Kh2 Ne6 23. Rg2 {Precision: White = 21%, Black = 33%.} (23. Ne2 $11) 1/2-1/2

[Event "3rd GRENKE Chess Open 2018"]
[Site "Karlsruhe"]
[Date "2018.04.01"]
[Round "6"]
[White "Savina, Anastasia"]
[Black "Kunin, Vitaly"]
[Result "1-0"]
[WhiteElo "2358"]
[BlackElo "2575"]
[Annotator "TA"]
[PlyCount "175"]
[EventDate "2018.??.??"]
[EventType "swiss"]
[EventCountry "GER"]
[SourceTitle "playchess.com"]
[Source "ChessBase"]
[SourceQuality "1"]

{[%evp 12,174,32,26,61,20,26,23,19,25,43,-2,47,39,134,123,145,135,182,171,236,224,230,218,314,290,410,396,445,444,464,464,452,435,464,458,637,615,572,458,430,416,465,453,465,461,455,458,435,454,535,531,495,517,540,540,529,526,504,466,472,449,441,416,618,602,602,598,588,563,940,895,1052,1031,2083,1931,2730,1839,3699,2494,2737,2107,1687,1644,2031,1204,3490,1342,4252,3185,2483,2753,2271,2135,29972,29974,29982,29979,29983,29984,29984,29979,29984,29985,29985,29986,29986,29985,29985,29986,29981,29977,29982,29981,29981,29982,29984,29985,29985,29983,29984,29985,29988,29984,29984,29981,29981,29982,29982,29981,29981,29982,29984,29985,29985,29986,29986,29987,29987,29988,29989,29990,29991,29991,29991,29992,29992,29993,29993,29994,29994,29995,29995,29996,29997,29996,29997,29997,29997,29997,29997,29998,29998,29999,29999]} 1. d4 e6 2. c4 Bb4+ 3. Nc3 f5 4. g3 Nf6 5. Bd2 O-O 6. Bg2 {A84: Dutch Defence: 2 c4 Miscellaneous} Nc6 7. Nf3 {LiveBook: 5 Games} Ne4 8. d5 $146 {White is slightly better.} (8. Nxe4 {looks sharper.} fxe4 9. Ne5 Qf6 10. f4 exf3 11. Nxf3 Be7 12. Bc3) ({Predecessor:} 8. Rc1 a5 9. d5 Bxc3 10. Bxc3 Nb4 11. Qb3 c5 12. dxe6 d6 13. Nd2 Nf6 14. a3 {1-0 (35) Iljin,T (2381)-Sitnikov,A (2509) Alushta 2009}) 8... Bxc3 9. Bxc3 Nxc3 10. bxc3 Na5 11. Qa4 c5 12. dxe6 {Threatens to win with e7!} dxe6 ({Better is} 12... Nc6 $1 $14) 13. Ne5 $1 $16 Qc7 14. f4 Rd8 15. Rd1 Rxd1+ (15... Rf8 $142 16. O-O Rb8) 16. Qxd1 $18 Rb8 17. O-O $1 $40 {[%cal Bh1f1,Bf1f3,Bf3d3,Bd3d7,Bd7a7][%mdl 160] White attacks with force.} b6 (17... h6 $142 18. e4 Nc6) 18. Rf3 $1 Ba6 {[#]} (18... g6 $142 19. Rd3 b5) 19. Rd3 $1 Rf8 20. Rd7 Qb8 {[#]} 21. Bd5 $1 {[%mdl 512]} Qe8 (21... exd5 22. Qxd5+) 22. Rxa7 Bc8 23. Bf3 h6 24. Qd6 Qd8 25. Qxd8 Rxd8 26. Kf2 Kh7 27. Bh5 Bb7 28. Bg6+ Kg8 29. Bf7+ Kf8 30. Bxe6 Rd1 {[#]} 31. Bd5 $1 Bxd5 32. cxd5 Rxd5 {[%mdl 4096] Endgame KRN-KRN} 33. Nd7+ Ke8 34. Nxb6 Nc6 35. Nxd5 Nxa7 {KN-KN} 36. Ke3 Kd7 37. Kd3 Kd6 (37... Nc8 $142 38. c4 Nd6) 38. Ne3 g6 39. Nc4+ Kd5 40. Ne5 g5 41. c4+ Ke6 42. a4 {[%cal Ba2a4,Ba4a5,Ba5a6][%mdl 32]} h5 43. h4 gxf4 44. gxf4 Nc8 45. a5 Kd6 46. e4 Ne7 47. Ke3 Kc7 48. Nd3 Kc6 49. Kf3 (49. a6 $142 Kb6 {[#]} 50. Nxc5 $1 {[%mdl 512]}) 49... Kd6 50. a6 Kc6 {[#]} 51. Nxc5 $1 {[%mdl 512]} Kb6 (51... Kxc5 52. a7) 52. Ke3 fxe4 53. Kxe4 {White mates.} Ng6 54. f5 Nxh4 55. f6 Ng6 56. Kf5 Nf8 57. f7 h4 58. Kg4 Ng6 59. Kh3 Ka7 60. Nd7 Kxa6 {[#]} 61. Ne5 $1 {[%mdl 512]} Nf8 (61... Nxe5 62. f8=Q) 62. Kxh4 Kb6 63. Kg5 Kc5 64. Kf6 Kd6 65. Nd3 Kd7 66. Kg7 Ke7 67. Kg8 Nd7 {[#]} 68. Ne5 $1 {[%mdl 512]} Nf6+ (68... Nxe5 69. f8=Q+) 69. Kg7 Nh5+ 70. Kg6 Nf4+ 71. Kh7 Ne6 72. Kg8 Kd6 73. Nd3 Kd7 74. Nc5+ Nxc5 75. f8=Q Kc6 76. Qf5 Nd7 77. Qd5+ Kc7 78. Kf7 Nb6 79. Qc5+ Kb7 80. Ke7 Nc8+ 81. Kd8 Nb6 82. Qb5 Ka8 83. Qa6+ Kb8 84. Qxb6+ Ka8 85. Qa6+ Kb8 86. Qb5+ Ka8 87. Kc7 {[%csl Gc7][%cal Rb5b8]} Ka7 88. Qb7# {Precision: White = 83%, Black = 39%.} 1-0

[Event "3rd GRENKE Chess Open 2018"]
[Site "Karlsruhe"]
[Date "2018.04.01"]
[Round "6"]
[White "Reuker, Jari"]
[Black "Schneider, Ilja"]
[Result "0-1"]
[WhiteElo "2343"]
[BlackElo "2513"]
[Annotator "TA"]
[PlyCount "66"]
[EventDate "2018.??.??"]
[EventType "swiss"]
[EventCountry "GER"]
[SourceTitle "playchess.com"]
[Source "ChessBase"]
[SourceQuality "1"]

{[%evp 14,66,28,27,57,-73,-63,-84,-37,-53,-35,-42,-41,-45,-47,-43,-34,-42,-48,-52,0,-68,6,0,34,0,0,0,0,0,0,0,0,0,8,16,13,-48,-33,-24,-26,-48,-47,-76,-57,-169,-160,-230,-231,-233,-233,-29990,-29991,-29993,-1937]} 1. d4 d5 2. c4 c6 3. Nc3 Nf6 {[%cal Bg8f6,Bf6h5,Bh5f4][%mdl 32]} 4. Nf3 a6 5. c5 Nbd7 6. Bf4 Nh5 7. e3 g6 8. Bd3 f6 {D15: Slav Defence: 4 Nc3 a6 and gambit lines after 4 Nc3 dxc4} (8... Bg7 9. h3 Nxf4 10. exf4 b6 11. cxb6 Qxb6 12. O-O Bxd4 13. Na4 Qa7 14. Rc1 Bb7 15. Bxg6 Bxf2+ 16. Rxf2 hxg6 {1-0 (29) Leniart,A (2484)-Svetushkin,D (2544) Achaea 2016}) 9. h4 $146 {[#]} (9. Qc2 $1 $14 Bg7 10. O-O) ({Predecessor:} 9. O-O e5 10. dxe5 Nxf4 11. exf4 fxe5 12. Nxe5 Nxe5 13. Re1 Bxc5 14. Rxe5+ Kf7 15. Nxd5 cxd5 16. Rxd5 {1-0 (35) Li,B (2307)-Korpa,B (2357) Budapest 2013}) 9... e5 $1 $17 {[%cal Re5f4]} 10. dxe5 Nxc5 {Black is better.} 11. exf6 Nxf4 12. f7+ Kxf7 13. exf4 Bg7 {aiming for ...Qb6.} 14. Ng5+ Kg8 15. Bc2 h6 16. Nf3 Bg4 ({Better is} 16... Qd6 $15 17. h5 g5) 17. Qd2 (17. Bxg6 $11 Qe7+ 18. Kf1) 17... d4 (17... Qd6 $15 18. Kf1 Ne6) 18. O-O-O $11 Qf8 19. Ne4 {[#]} d3 $1 {[%cal Rd3c2][%mdl 512]} 20. Bxd3 Nxd3+ 21. Qxd3 Qxf4+ 22. Kb1 Kh7 {[#] ...Rhd8! is the strong threat.} 23. h5 $1 {[%mdl 512] Hoping for hxg6+.} Rhf8 (23... Bxh5 24. Rxh5) 24. hxg6+ Kh8 25. Nd6 (25. Ka1 $1 $11) 25... Rad8 $1 $40 {[%mdl 128] Black mounts an attack.} 26. Nf7+ Kg8 27. Qb3 {Intending Nxh6+ and mate.} (27. Nxd8 $2 {is the wrong capture.} Bf5 $19) 27... Qe4+ 28. Ka1 Rxd1+ 29. Rxd1 (29. Qxd1 $15 Qxg6 30. N7e5) 29... Be6 $19 30. Qxb7 (30. Qe3 $17 Qxg6 31. N7e5) 30... Qxg6 {Threatens to win with ...Qc2.} 31. N7e5 Qc2 {[%cal Rc2d1][%mdl 1024] Black has strong compensation.} 32. Re1 $2 (32. Rb1 $19 Bxa2 33. Rc1 Qxc1+ 34. Kxa2) 32... Rd8 33. Rb1 Bxa2 {Precision: White = 44%, Black = 58%.} (33... Rd1 $142 34. Nd2 Qxd2 35. Qa8+ Kh7 36. Qxc6 Rxb1+ 37. Kxb1 Bf5+ 38. Ka1 Qe1+ 39. Qc1 Qxc1#) 0-1

[Event "3rd GRENKE Chess Open 2018"]
[Site "Karlsruhe"]
[Date "2018.04.01"]
[Round "6"]
[White "Soham Das"]
[Black "Firat, Burak"]
[Result "0-1"]
[WhiteElo "2275"]
[BlackElo "2446"]
[Annotator "TA"]
[PlyCount "58"]
[EventDate "2018.??.??"]
[EventType "swiss"]
[EventCountry "GER"]
[SourceTitle "playchess.com"]
[Source "ChessBase"]
[SourceQuality "1"]

{[%evp 21,58,6,29,0,0,0,8,-43,-42,-76,-62,-107,-100,-317,-335,-335,-324,-320,-332,-336,-325,-447,-445,-466,-455,-457,-462,-457,-452,-452,-448,-420,-351,-541,-516,-637,-625,-704,-695]} 1. e4 e6 2. d4 d5 3. Nc3 Bb4 4. e5 c5 5. a3 Bxc3+ 6. bxc3 Qa5 7. Bd2 Qa4 8. Qg4 Kf8 9. Qd1 {C18: French: 3 Nc3 Bb4: Main line: 7 h4 and 7 Qg4} b6 10. dxc5 bxc5 11. c4 Ne7 {[%cal Bg8e7,Be7d5,Bd5f4][%mdl 32] LiveBook: 8 Games} (11... Ba6 12. cxd5 Bxf1 13. Kxf1 exd5 14. Nf3 Nd7 15. h4 h5 16. Rb1 Ne7 {½-½ (47) Najer,E (2699)-Harikrishna,P (2733) Antalya 2017}) 12. c3 Qxd1+ 13. Rxd1 Nd7 {[%cal Bb8d7,Bd7c5,Bc5e4][%mdl 32]} 14. Be3 $146 (14. cxd5 $11 exd5 15. Nf3) ({Predecessor:} 14. f4 dxc4 15. Nf3 Bb7 16. Kf2 Bd5 {0-1 (51) Rydstrom,T (2292)-Karlsson,L (2441) Norrkoeping 2015}) 14... Rb8 $15 ({But not} 14... Nxe5 $6 15. cxd5 Nxd5 16. Bxc5+ Kg8 17. c4 $16) 15. a4 Rb3 16. cxd5 Nxd5 17. Bxc5+ $2 {[#]} (17. Nf3 $17) 17... Nxc5 $19 18. c4 Nf4 ({Weaker is} 18... Nxa4 19. cxd5 exd5 20. Nf3 $15) 19. Rd8+ Ke7 20. Rxh8 {[#]} Ne4 $1 {[%cal Rb3b1]} 21. Be2 Bd7 22. Nh3 Nxg2+ 23. Kf1 Nh4 24. Bd1 Rxh3 25. Rxh7 {If White can now play Bg4 this consolidates a bit.} Nd2+ 26. Ke2 Nxc4 27. f3 (27. Rg1 {was necessary.} Nxe5 28. Rgxg7) 27... Nxe5 {Black is clearly winning.} 28. Kf2 Nd3+ 29. Ke3 Nf5+ {Precision: White = 32%, Black = 71%.} 0-1

[Event "3rd GRENKE Chess Open 2018"]
[Site "Karlsruhe"]
[Date "2018.04.01"]
[Round "6"]
[White "Moucheroud, Jeremy"]
[Black "Vogel, Roven"]
[Result "1/2-1/2"]
[WhiteElo "2189"]
[BlackElo "2434"]
[Annotator "TA"]
[PlyCount "56"]
[EventDate "2018.??.??"]
[EventType "swiss"]
[EventCountry "GER"]
[SourceTitle "playchess.com"]
[Source "ChessBase"]
[SourceQuality "1"]

{[%evp 23,56,0,8,-21,0,0,0,0,33,-25,0,0,0,0,15,-26,-23,-29,-9,-14,-14,-14,-14,-37,-7,-25,0,0,0,0,0,0,0,0,0]} 1. e4 c6 2. d4 d5 3. Nc3 dxe4 4. Nxe4 Bf5 5. Ng3 Bg6 6. h4 h6 7. Nf3 e6 8. h5 Bh7 9. Bd3 Bxd3 10. Qxd3 Nf6 11. Bd2 c5 12. O-O-O Nc6 {[%cal Rc5d4] LiveBook: 107 Games. B19: Classical Caro-Kann: 4...Bf5 main line} 13. Be1 $146 ({Predecessor:} 13. Bc3 Nb4 14. Qb5+ Qd7 15. Qxd7+ Nxd7 16. Kb1 Nd5 17. Bd2 cxd4 18. Nxd4 Bc5 19. Bc1 N7f6 20. f3 {0-1 (42) Plat,V (2532)-Navara,D (2725) Tallinn 2016}) 13... Qc7 14. Qc4 cxd4 15. Nxd4 Qf4+ 16. Rd2 (16. Kb1 $14 Be7 17. Nge2) 16... Nxd4 17. Qxd4 Qxd4 18. Rxd4 Rc8 19. Bb4 Bxb4 20. Rxb4 Rc7 21. Ne4 Ke7 22. Nxf6 gxf6 $11 {[%mdl 4096] Endgame KRR-KRR} 23. Rhh4 f5 24. Rhc4 Kd7 25. Kd2 {The position is equal.} Rg8 26. g3 Rg5 27. Rxc7+ Kxc7 28. Rh4 Kc6 {Precision: White = 49%, Black = 41%.} 1/2-1/2

[Event "3rd GRENKE Chess Open 2018"]
[Site "Karlsruhe"]
[Date "2018.04.01"]
[Round "6"]
[White "Vinke, Andreas"]
[Black "Vrolijk, Liam"]
[Result "0-1"]
[WhiteElo "2162"]
[BlackElo "2432"]
[Annotator "TA"]
[PlyCount "84"]
[EventDate "2018.??.??"]
[EventType "swiss"]
[EventCountry "GER"]
[SourceTitle "playchess.com"]
[Source "ChessBase"]
[SourceQuality "1"]

{[%evp 10,84,14,-9,56,48,53,-41,-31,-18,-31,-27,-20,-23,-29,-173,-153,-214,-194,-191,-197,-216,-200,-199,-172,-244,-233,-406,-203,-183,0,0,0,0,0,-98,-99,-123,-110,-127,0,0,0,0,0,0,0,0,0,-43,0,-64,-51,-97,-89,-93,-76,-682,-697,-687,-672,-526,-77,-893,-890,-29991,-29992,-29990,-29987,-29987,-29988,-29988,-29983,-29983,-29984,-29957,-1616]} 1. c4 e5 2. g3 c6 3. d4 e4 4. Nc3 d5 5. cxd5 (5. f3 exf3 6. Nxf3 Nf6 7. Bg5 dxc4 8. e4 Bg4 9. e5 h6 10. Bxf6 gxf6 11. Bxc4 {½-½ (73) Ponkratov,P (2613)-Navara,D (2740) Katowice 2017}) 5... cxd5 6. Qb3 {LiveBook: 16 Games. A20: English Opening: 1...e5} Ne7 (6... Nc6 $11) 7. Bf4 $14 {aiming for Nb5.} a6 $1 8. Bh3 $146 (8. f3 $1 $14) ({Predecessor:} 8. Bxb8 Rxb8 9. Nh3 b5 10. Nf4 Bb7 {0-1 (30) Gaehler,M (2341)-Jenni,F (2463) Switzerland 2017}) 8... Bxh3 $15 9. Nxh3 Nbc6 10. Qxb7 {Hoping for Nxd5!} Ra7 11. Qb3 Qd7 $36 {[%mdl 2048] White is under pressure.} 12. g4 (12. Ng1 $1 $11 {and White is okay.}) 12... h5 13. Be3 (13. Bd2 $17 {might work better.}) 13... hxg4 14. Nf4 {[%cal Rc3d5]} Rb7 15. Qa4 g5 16. Ng2 Bh6 17. O-O-O (17. b3 $142) 17... O-O $1 $19 18. Rdf1 $2 (18. a3) 18... f5 (18... Rfb8 $142 19. b3 Bg7) 19. h4 gxh3 $2 (19... Rfb8 $19 20. hxg5 Bg7) 20. Rxh3 $11 Rf6 {Strongly threatening ...f4.} 21. Rfh1 ({Of course not} 21. Qxa6 f4 $17) 21... Kg7 22. f4 {[#]} (22. Kb1 $11) 22... exf3 $1 $17 23. exf3 f4 24. Bf2 Nf5 (24... Qc8 $17) 25. Ne1 Rb4 26. Qxa6 Rc4 27. Qb5 {Kb1 is the strong threat.} Ng3 28. Bxg3 fxg3 29. Rxg3 Qd6 30. Rg4 ({White should play} 30. Rg2 $1 $11) 30... Nxd4 $15 31. Qb7+ Rc7 32. Qa8 Ne2+ 33. Kc2 $2 {[%mdl 8192]} (33. Kd1 $17 Nxc3+ 34. bxc3) 33... Nxc3 $19 ({Not} 33... Rf8 34. Qa5 $17) 34. bxc3 Qe5 {( -> ...Qe2+)} 35. Qa5 Rfc6 $2 (35... Qe2+ $19 {and Black stays clearly on top.} 36. Kb1 Qd1+ 37. Kb2 Re7) 36. Kb1 $2 {[%mdl 8192]} (36. Kd2 $17) 36... Rxc3 {[%csl Gc7][%cal Rc3c1]} 37. Ng2 Qf5+ {Black mates.} 38. Ka1 Rc1+ 39. Rxc1 Rxc1+ 40. Kb2 Rc2+ 41. Kb3 Qd3+ 42. Kb4 Qd2+ {Precision: White = 37%, Black = 56%.} (42... Qc3+ $142 43. Kb5 Rb2+ 44. Qb4 Rxb4+ 45. Rxb4 Qxf3 46. Ne1 Qe2+ 47. Kc5 Qxe1 48. a3 {[#]} Qxb4+ $1 {[%mdl 512]} 49. axb4 g4 50. Kxd5 g3 51. Kc5 Be3+ 52. Kd6 g2 53. Kd5 g1=Q 54. Ke4 Bb6 55. Kd3 Qd4+ 56. Kc2 Qc4+ 57. Kd2 Kh6 58. b5 Kg7 59. Kd1 Qa2 60. Ke1 Qc2 61. Kf1 Qf2#) 0-1

[Event "3rd GRENKE Chess Open 2018"]
[Site "Karlsruhe"]
[Date "2018.04.01"]
[Round "7"]
[White "Rapport, Richard"]
[Black "Kollars, Dmitrij"]
[Result "1-0"]
[WhiteElo "2715"]
[BlackElo "2534"]
[Annotator "TA"]
[PlyCount "67"]
[EventDate "2018.??.??"]
[EventType "swiss"]
[EventCountry "GER"]
[SourceTitle "playchess.com"]
[Source "ChessBase"]
[SourceQuality "1"]

{[%evp 14,67,6,3,12,14,23,26,22,23,24,22,27,32,35,29,27,29,35,35,38,36,43,38,26,20,14,25,27,13,87,89,138,132,129,138,129,122,143,134,141,131,139,138,121,89,191,96,113,92,489,486,485,485,482,480]} 1. e4 e5 2. Nf3 Nc6 3. Bb5 {[%cal Bf1b5,Bb5a4,Ba4b3,Bb3a2][%mdl 32]} a6 4. Ba4 Nf6 5. Nc3 b5 6. Bb3 Be7 7. d3 d6 8. a3 {LiveBook: 48 Games. C77: Ruy Lopez: 3...a6 4 Ba4 Nf6, unusual lines} Na5 (8... O-O 9. Nd5 Na5 10. Ba2 Nxd5 11. Bxd5 c6 12. Ba2 Bf6 13. O-O Re8 14. b4 Nb7 15. c4 Be6 {½-½ (23) Rapport,R (2692)-Aronian,L (2785) Sharjah 2017}) 9. Ba2 c5 10. b4 {White has an edge.} Nc6 11. Nd5 O-O $146 ({Predecessor:} 11... Be6 12. Nxf6+ Bxf6 13. Bxe6 fxe6 14. bxc5 dxc5 15. Be3 Nd4 {1-0 (35) Hovhannisyan,R (2606)-Srija,S (2167) Abu Dhabi 2017}) 12. Be3 cxb4 13. axb4 Bb7 14. O-O Nxd5 15. Bxd5 Qd7 16. Qb1 Bf6 17. Nd2 Ne7 18. Bxb7 Qxb7 19. Ra3 d5 {Hoping for ...d4.} 20. Bc5 Rfc8 21. Qa2 a5 (21... Bg5 $11) 22. Ra1 $1 $16 a4 {[#]} 23. c4 $1 {[%cal Re4d5]} dxc4 24. dxc4 Rd8 25. cxb5 Qxb5 26. Rxa4 Rxa4 27. Qxa4 $40 {[%mdl 128] White is out for blood.} Qe2 28. Be3 h6 29. Nf1 Bg5 {[#]} (29... Rb8 $16) 30. Bxg5 (30. Qa5 $1 $18 {[%cal Ra5d8]} Rc8 31. Bxg5 hxg5 32. Qxe5) 30... hxg5 31. Qa5 Nc6 $2 {[%mdl 8192]} (31... Rc8 $16) 32. Qc7 $18 {White is clearly winning.} Qc4 {[#]} 33. b5 $1 {[%mdl 512]} Qxb5 34. Rc1 {Precision: White = 69%, Black = 54%.} 1-0